000 00624nam a2200241Ia 4500
001 25996
005 20240114000906.0
007 ta
008 060503s1963 g b000 u 465 u
040 _aCotton College,Assam
041 _a465
082 _a340
_bG 144 L
100 _aGerhart, Eugene C. .
245 0 _aThe Lawyer`s Treasury /
_cEugene C. Gerhart.
_hTextual Documents
250 _a1st ed. /
260 _aNew York :
_bCharter Book ,
_c1963.
300 _a520p. ;
_c22cm.
653 _aLawyer`s Treasury
653 _aG-Economics
942 _2ddc
_cBK
999 _c25978
_d25978